Random Flags of Non-contiguous Territories - Statistics

General Stats
  • This quiz has been taken 113 times
    100 since last reset
  • The average score is 11 of 15
Answer Stats
Picture Hint Answer % Correct
Dutch Constituent Country Aruba
100%
Dutch Special Municipality Bonaire
100%
Island Country in Free Association with New Zealand Cook Islands
100%
Dutch Constituent Country Curaçao
100%
Danish Insular Autonomous Territory Faroe Islands
100%
British Overseas Territory and Semi-exclave (Spain) Gibraltar
100%
Danish Insular Autonomous Territory Greenland
100%
U.S. Insular Territory Guam
100%
U.S. Insular State Hawaii
100%
British Crown Dependency Isle of Man
100%
U.S. Insular Territory Puerto Rico
100%
U.S. Insular Territory U.S. Virgin Islands
100%
Australian External Territory Christmas Island
92%
Chinese Insular Special Administrative Region Macau
91%
British Crown Dependency Guernsey
90%
Island Country in Free Association with New Zealand Niue
90%
Italian Insular Autonomous Region Sicily
90%
British Overseas Territory Anguilla
89%
British Crown Dependency Jersey
89%
British Overseas Territory Turks and Caicos Islands
89%
U.S. Insular Territory American Samoa
88%
Australian External Territory Cocos (Keeling) Islands
88%
British Overseas Territory Falkland Islands
88%
U.S. Non-contiguous State and Semi-exclave (Canada) Alaska
86%
British Overseas Territory Bermuda
83%
Chilean Insular Special Territory Easter Island
83%
French Overseas Collectivity French Polynesia
83%
Australian External Territory Norfolk Island
83%
U.S. Insular Territory Northern Mariana Islands
80%
Dutch Special Municipality Sint Eustatius
80%
Australian Insular State Tasmania
80%
New Zealand Non-contiguous Dependent Territory Tokelau
80%
Spanish Non-contiguous Autonomous City and Semi-exclave (Morocco) Ceuta
78%
Constituent Part of a British Overseas Territory Tristan da Cunha
78%
Spanish Insular Autonomous Region Canary Islands
75%
Portuguese Insular Autonomous Region Madeira
75%
Russian Non-contiguous Oblast and Semi-exclave (Lithuania, Poland) Kaliningrad
73%
Spanish Non-contiguous Autonomous City and Semi-exclave (Morocco) Melilla
73%
Italian Insular Autonomous Region Sardinia
71%
Dutch Constituent Country Sint Maarten
71%
Ecuadorian Insular Province Galápagos Islands
70%
British Overseas Territory Cayman Islands
67%
Constituent Part of a British Overseas Territory Ascension Island
55%
British Overseas Territory British Virgin Islands
55%
British Overseas Territory Pitcairn Islands
55%
Finnish Insular Autonomous Region Åland
50%
French Insular Region and Territorial Collectivity Corsica
50%
Chilean Insular Special Territory and Commune Juan Fernández Islands
50%
British Overseas Territory Montserrat
50%
East Timorese Special Administrative Region and Exclave (Indonesia) Oecusse
50%
Dutch Special Municipality Saba
50%
Constituent Part of a British Overseas Territory Saint Helena
44%
Spanish Insular Province and Autonomous Community Balearic Islands
36%
French Overseas Department Martinique
33%
Belgian Exclave (Netherlands) Baarle-Hertog
23%
Spanish Insular Province Las Palmas
22%
Colombian Insular Department San Andrés and Providencia
17%
Italian Exclave (Switzerland) Campione d’Italia
14%
Venezuelan Insular Territories Federal Dependencies of Venezuela
14%
Venezuelan Insular State Nueva Esparta
13%
Spanish Insular Province Santa Cruz de Tenerife
9%
No matching quizzes found
Score Distribution
Percent of People with Each Score
Percentile by Number Answered
Your Score History
You have not taken this quiz since the last reset